| 000 | 00461 a2200169 4500 | ||
|---|---|---|---|
| 003 | Nust | ||
| 005 | 20170207153432.0 | ||
| 040 | _cNust | ||
| 082 | _a005.1 | ||
| 100 | _aNazir , NC Asim BESE-05 | ||
| 245 |
_aPredictive maintenance system design using vibration signature analysis _cNC Asim Nazir & NC Syed Kashif Hussain Akhter BESE-05 |
||
| 260 |
_bMCS _c2003 |
||
| 300 | _a128 p | ||
| 538 | _aT4 Shelf No 3 | ||
| 650 | _a UG Projects | ||
| 651 | _a UG CS Projects | ||
| 942 | _cPRG | ||
| 999 |
_c186142 _d186142 |
||